|
|
|
|
| LEADER |
01436nam a2200361 a 4500 |
| 001 |
34629 |
| 003 |
BD-DhAAL |
| 005 |
20211111130140.0 |
| 008 |
190507t2005 nyua 001 0 eng d |
| 999 |
|
|
|c 40720
|d 40720
|
| 010 |
|
|
|a 2004046070
|
| 020 |
|
|
|a 9788131502006
|
| 020 |
|
|
|a 8131502007
|
| 020 |
|
|
|a 140186158X (pbk. : alk. paper)
|
| 040 |
|
|
|a DLC
|c DLC
|d WaU
|d DLC
|d BD-DhAAL
|
| 050 |
0 |
0 |
|a QA76.8.I27
|b A92 2005
|
| 082 |
0 |
0 |
|a 004.165
|2 22
|
| 100 |
1 |
|
|a Ayala, Kenneth J.
|9 31532
|
| 245 |
1 |
4 |
|a The 8051 microcontroller /
|c Kenneth J. Ayala.
|
| 250 |
|
|
|a Third edition
|
| 260 |
|
|
|a Clifton Park, NY :
|b Thomson Delmar Learning,
|c c2005.
|
| 300 |
|
|
|a xix, 412 pages :
|b illustrations ;
|c 24 cm. +
|e 1 CD-ROM (4 3/4 in.)
|
| 500 |
|
|
|a Includes index.
|
| 526 |
|
|
|a CSE
|
| 541 |
|
|
|a Mullick & Brothers
|e 34629
|
| 650 |
|
0 |
|a Intel 8051 (Microcontroller)
|9 31533
|
| 650 |
|
0 |
|a Digital control systems.
|9 31534
|
| 650 |
|
0 |
|a Microcontrollers.
|9 31535
|
| 650 |
|
0 |
|a Computer science
|9 42565
|
| 852 |
|
|
|a Ayesha Abed Library
|c General Stacks
|
| 942 |
|
|
|2 ddc
|c BK
|
| 952 |
|
|
|0 0
|1 0
|2 ddc
|4 0
|6 004_165000000000000_AYA
|7 0
|9 65406
|a BRACUL
|b BRACUL
|c GEN
|d 2019-04-24
|e Mullick & Brothers
|g 600.00
|l 1
|m 1
|o 004.165 AYA
|p 3010034629
|r 2019-09-12
|s 2019-09-04
|t 1
|v 600.00
|w 2019-04-24
|y BK
|
| 952 |
|
|
|0 0
|1 0
|2 ddc
|4 0
|6 004_165000000000000_AYA
|7 0
|9 65456
|a BRACUL
|b BRACUL
|c AV
|d 2019-05-07
|e Mullick & Brothers
|l 0
|o 004.165 AYA
|p 4010034629
|r 2019-05-07
|t 1
|w 2019-05-07
|y AV
|